000 01138nam0a22002531i 4500
001 rc\1140349
005 20260405092830.0
035 _a(NLR Aleph) 006386923
090 _a5121365
_c5121365
100 _a20041129d1980 u |0rusy50 ca
101 0 _arus
102 _aRU
105 _ay |||||||||
200 1 _aИван Яковлевич Вишняков. Жизнь и творчество
_eК вопросу о нац. своеобразии рус. портрета середины XVIII века
_eАвтореф. дис. на соиск. учен. степ. д. иск.
210 _aЛ.
_d1980
215 _a40 с.
300 _aВ надзаг.: Акад. художеств СССР, Ин-т живописи, скульптуры и архитектуры им. И.Е. Репина
320 _aСписок работ авт.: с. 40
700 1 _8rus
_7ca
_aИльина
_bТ. В.
_cд-р искусствоведения
_f1934-2020
_gТатьяна Валериановна
_3RU\NLR\AUTH\7733852
_916859
801 0 _aRU
_bNLR
_gpsbo
801 1 _aRU
_bELAR
_2rusmarc
852 _aNLR
_j81-4/9029
942 _cBOOK